Encyclopedia of the Modern Middle East 1

Tallennettuna:
Bibliografiset tiedot
Aineistotyyppi: Kirja
Julkaistu: 1996
Tagit: Lisää tagi
Ei tageja, Lisää ensimmäinen tagi!
Thư viện lưu trữ: Mạng thư viện Đại học Đà Nẵng
LEADER 00449nam a22001811a 4500
001 000038281
003 14576
005 20160412021251.0
008 160412s1996 000
082 |a 4A(07)2048 
245 |a Encyclopedia of the Modern Middle East 1  |c Reeva S.Simon 
260 |c 1996 
OWN |a LNN 
999 |a From the UDN01 
TYP |a Monograph 
980 |a Mạng thư viện Đại học Đà Nẵng